| 000 | 00563nam a2200181 a 4500 | ||
|---|---|---|---|
| 001 | 000042969 | ||
| 005 | 20201002040534.0 | ||
| 008 | 140213s1990 nyu 000 0 spa d | ||
| 020 | _a0394539109 | ||
| 040 |
_aDO-SdBNP _bspa _cBNPHU |
||
| 082 |
_axxxx _bxxxx |
||
| 100 | 1 |
_aTimerman, Jacobo _970463 |
|
| 240 | 0 |
_aCuba hoy, y después. _lEspañol |
|
| 245 | 1 | 0 |
_aCuba : A Journey / _cJacobo Timerman ; translated from the spanish by Toby Talbot. |
| 260 |
_aNew York : _bAlfred A. Knopf, _c1990. |
||
| 300 |
_a125 cm. ; _c22 cm. |
||
| 700 | 1 | 2 |
_aTalbot, Toby _etr. _965815 |
| 999 |
_c42458 _d42458 |
||